| 000 | 00621nam a2200181 i 4500 | ||
|---|---|---|---|
| 001 | 146249 | ||
| 003 | ES-MaACL | ||
| 005 | 20230906201451.0 | ||
| 007 | t| | ||
| 008 | 070905s1919 sp ||||1| spa d | ||
| 245 | 0 | 0 |
_aTratado de Paz entre las potencias aliadas y asociadas y aleman firmado el dia 28 de junio de 1919 en Versalles / _cbajo la direción de Enrique Diaza Retg. |
| 250 | _a1ª ed. española. | ||
| 260 |
_aBarcelona : _bSerra y Russel, _c1919. |
||
| 300 |
_a347 p. ; _c21 cm. |
||
| 630 | 0 | 4 |
_aTratado de Versalles ( _d1919) _9155228 |
| 700 | 1 |
_aDíaz-Retg, Enrique. _944408 |
|
| 852 |
_aES-MaACL _jD-3456 |
||
| 999 |
_c146249 _d146249 |
||